Tous les pays représentés en Formule 1 - Statistiques

Statistiques générales
  • Ce quiz a été pris 3 071 fois
  • Le résultat moyen est 29 sur 39
Statistiques - réponses
Nombres de pilotes Pays % Correct
74 France
100%
167 Royaume-Uni
99%
55 Allemagne
97%
157 Etats-Unis
97%
100 Italie
97%
15 Espagne
96%
33 Brésil
95%
1 Chine
95%
20 Japon
95%
18 Australie
93%
4 Russie
93%
15 Canada
92%
6 Mexique
92%
25 Argentine
91%
10 Finlande
90%
17 Pays-Bas
90%
4 Portugal
88%
22 Belgique
87%
10 Suède
84%
4 Monaco
83%
23 Suisse
82%
15 Autriche
80%
9 Nouvelle-Zélande
76%
22 Afrique du Sud
75%
5 Danemark
74%
1 Pologne
74%
2 Inde
69%
2 Thailande
69%
3 Colombie
68%
5 Irlande
65%
1 Hongrie
64%
1 Chili
61%
3 Venezuela
54%
1 Indonésie
43%
1 République Tchèque
41%
4 Uruguay
40%
1 Malaisie
34%
1 Liechtenstein
13%
5 Zimbabwe / Rhodésie
7%
Aucun quiz correspondant
Distribution des résultats
% des personnes avec chaque résultat
Percentile par nombre de réponses
Votre historique - résultats
Vous n’avez pas pris ce quiz